Southville International School and Colleges
Your cart is empty.
  • Cart
  • Lists
    Public lists Eva Luna New books Lux_list list_1
    Your lists Log in to create your own lists
  • Log in to your account
  • Your cookies
  • Search history
Southville International School and Colleges
  • Advanced search
  • Recent comments
  • Most popular
  • Libraries

Log in to your account

Log in with GOOGLE


If you do not have an external account, but do have a local account, you can still log in:

  1. Home
  2. MARC view: Shenette gets the perfect pet /
Normal view MARC view ISBD view

Shenette gets the perfect pet / (Record no. 104847)

[ view plain ]
MARC details
000 -LEADER
fixed length control field 00519nam a2200169 a 4500
005 - DATE AND TIME OF LATEST TRANSACTION
control field 20140412111329.0
008 - FIXED-LENGTH DATA ELEMENTS--GENERAL INFORMATION
fixed length control field 030110s19uu xx 00 eng d
020 ## - INTERNATIONAL STANDARD BOOK NUMBER
International Standard Book Number 0-02-686026-0
050 ## - LIBRARY OF CONGRESS CALL NUMBER
Classification number BB
Item number Sh21 1995
100 ## - MAIN ENTRY--PERSONAL NAME
Personal name Nims, Bonnie Larkin
245 ## - TITLE STATEMENT
Title Shenette gets the perfect pet /
Statement of responsibility, etc story by Bonnie Larkin Nims ; illustrations by Allan Eitzen.
260 ## - PUBLICATION, DISTRIBUTION, ETC. (IMPRINT)
Place of publication, distribution, etc U. S. A :
Name of publisher, distributor, etc SRA-Macmillan/McGraw-Hill,
Date of publication, distribution, etc 1995.
300 ## - PHYSICAL DESCRIPTION
Extent 16 p. ; ill.
650 ## - SUBJECT ADDED ENTRY--TOPICAL TERM
Topical term or geographic name as entry element Pets--Fiction
650 ## - SUBJECT ADDED ENTRY--TOPICAL TERM
Topical term or geographic name as entry element Plants--Fiction
Holdings
Withdrawn status Lost status Damaged status Use restrictions Home library Current library Shelving location Date acquired Source of acquisition Cost, normal purchase price Total Checkouts Full call number Barcode Date last seen Price effective from Koha item type
        Elizalde Library Elizalde Library Big Books Section 01/10/2003   400.00   BB Sh21 1995 E8833 04/12/2014 04/12/2014 Books

Shenette gets the perfect pet /

APA

Nims B. L., . (1995). Shenette gets the perfect pet. U. S. A: SRA-Macmillan/McGraw-Hill.

Chicago

Nims Bonnie Larkin, . 1995. Shenette gets the perfect pet. U. S. A: SRA-Macmillan/McGraw-Hill.

Harvard

Nims B. L., . (1995). Shenette gets the perfect pet. U. S. A: SRA-Macmillan/McGraw-Hill.

MLA

Nims Bonnie Larkin, . Shenette gets the perfect pet. U. S. A: SRA-Macmillan/McGraw-Hill. 1995.

  • Place hold
  • Print
  • Cite
  • Add to your cart (remove)
  • Save record
    BIBTEX Dublin Core MARCXML MARC (non-Unicode/MARC-8) MARC (Unicode/UTF-8) MARC (Unicode/UTF-8, Standard) MODS (XML) RIS
  • More searches
    Search for this title in:
    Other Libraries (WorldCat) Other Databases (Google Scholar) Online Stores (Bookfinder.com) Open Library (openlibrary.org)

Exporting to Dublin Core...

SOUTHVILLE LIBRARY

Southville International School and Colleges Library

1281 Tropical Ave. Cor. Luxembourg St., BF Homes International, Las Pinas City

Tel. No. 8256374 / 252358 Loc. 117/146

Powered by Koha